| 000 | 01060cam a22003134a 4500 | ||
|---|---|---|---|
| 001 | 1047 | ||
| 005 | 20230815161313.0 | ||
| 008 | 990318s1999 nyu c 000 1 eng | ||
| 020 | _a0590288792 | ||
| 020 | _a9780439367868 | ||
| 040 |
_aDLC _cDLC _dDLC _beng |
||
| 050 | 0 | 0 |
_aPZ7.H1828 _bBl 1999 |
| 082 | 0 | 0 |
_a[Fic] _221 |
| 100 | 1 |
_aHamilton, Virginia, _d1934-2002. |
|
| 245 | 1 | 0 |
_aBluish : _ba novel / _cVirginia Hamilton. |
| 260 |
_aNew York : _bScholastic, _c1999. |
||
| 300 |
_a127 pages : _c20 cm. |
||
| 505 | _aJ | ||
| 520 | _aTen-year-old Dreenie feels both intrigued and frightened when she thinks about the girl nicknamed Bluish, whose leukemia is making her pale and causing her to use a wheelchair. | ||
| 521 |
_a460
_bLexile |
||
| 521 |
_aJ
_bRaz-Plus |
||
| 650 | 1 |
_aLeukemia _vFiction. |
|
| 650 | 1 |
_aWheelchairs _vFiction. |
|
| 650 | 1 |
_aPeople with disabilities _vFiction. |
|
| 650 | 1 |
_aSchools _vFiction. |
|
| 650 | 1 |
_aAfrican Americans _vFiction. |
|
| 906 |
_a7 _bcbc _corignew _d1 _eocip _f19 _gy-gencatlg |
||
| 942 |
_2ddc _cBK _n0 |
||
| 999 |
_c1047 _d1047 |
||